Alekšince 1156-1996 k 840. výročiu prvej písomnej zmienky o obci

Bibliographic Details
Format: Book
Language:Slovak
PhysicalDescription:96 strán faksimile, fotografie, ilustrácie 21 cm
Published: Alekšince Obecný úrad 1996
ISBN:8096751735
Edition:1. vyd.
Subjects:

MARC

LEADER 00000cam a2200000 a 4500
001 vtls001220572
003 SK-MaSNL
005 20260302065059.0
008 240322s1996 xo hoa gr 000 0 slo
015 |a SNBA1996/1103243 
020 |a 8096751735  |q (brožované) 
035 |a SNK000165407 
040 |a SNK  |b slo  |c SNK  |e AACR2 
041 0 |a slo 
043 |a e-xo--- 
044 |a xo  |c SK 
072 7 |a 911  |x Všeobecná geografia. Systematická geografia  |2 konspekt 
080 |a 943.762.2-22"1156/1996"  |2 1997 
080 |a 911.373  |2 2011 
080 |a 911.375(091)  |2 2011 
080 |a (437.614)  |2 2011 
080 |a (082.2)  |2 2011 
080 |a (048.8)  |2 2011 
245 0 0 |a Alekšince 1156-1996  |b k 840. výročiu prvej písomnej zmienky o obci 
250 |a 1. vyd. 
260 |a Alekšince  |b Obecný úrad  |c 1996 
300 |a 96 strán  |b faksimile, fotografie, ilustrácie  |c 21 cm 
366 |e 650 výtl. 
500 |a Obsahuje poznámky 
650 0 7 |a obce  |2 SNKPH  |9 2935 
650 0 7 |a dejiny obcí  |2 SNKPH  |9 164834 
651 7 |a Alekšince (Slovensko)  |2 SNKPHgeo  |9 83073 
655 7 |a jubilejné publikácie  |2 SNKPH  |9 70339 
655 7 |a monografie  |2 SNKPH  |9 70139 
919 |a 80-967517-3-5 
954 |a odborná, vedecká literatúra pôvodná (slovenská)  |2 lita 
958 |a EUIPO 
958 |a TL 
958 |a OND 
999 |c 1140421  |d 1142351 
952 |a SNK  |b SNK  |y NEVYP  |7 0  |o snkC 1719  |i snk3308/960920  |0 0  |1 0  |4 0  |d 1996-09-19  |l 0  |r 2005-01-01 00:00:00  |w 2026-02-24 
952 |a SNK  |b SNK  |y VYP  |7 0  |p 17A0010132  |o snkSC 91293 D1  |i snkKSP 7627/96  |0 0  |1 0  |4 0  |d 1996-09-19  |l 0  |r 2005-01-01 00:00:00  |w 2026-02-24 
952 |a SNK  |b SNK  |y PREZ  |7 0  |p 17A0010133  |o snkSC 91293  |i snkKSP 7626/96  |0 0  |1 0  |4 0  |d 1996-09-19  |f 1  |l 0  |r 2025-09-10 00:00:00  |w 2026-02-24